Consumer Expolitation In Orgainised Retailing/ (Record no. 202673)
[ view plain ]
| 000 -LEADER | |
|---|---|
| fixed length control field | 00612 a2200181 4500 |
| 005 - DATE AND TIME OF LATEST TRANSACTION | |
| control field | 20240506110257.0 |
| 010 ## - LCCN (DPL NO) | |
| LC control number | ENG-140297 |
| 020 ## - INTERNATIONAL STANDARD BOOK NUMBER | |
| International Standard Book Number | 9789389146189 |
| Terms of availability | 500.00 |
| 035 ## - SYSTEM CONTROL NUMBER | |
| System control number | EN-123829 |
| 037 ## - SOURCE OF ACQUISITION | |
| Source of stock number/acquisition | DBAD |
| 082 14 - DEWEY DECIMAL CLASSIFICATION NUMBER | |
| Classification number | 381.141094 |
| 100 1# - MAIN ENTRY--PERSONAL NAME | |
| Personal name | Hajerabanu ,M [And ] Paramasivan, C |
| 245 1# - TITLE STATEMENT | |
| Title | Consumer Expolitation In Orgainised Retailing/ |
| Statement of responsibility, etc | By M. Hajirabanu [and] C. Paramasivan |
| 260 ## - PUBLICATION, DISTRIBUTION, ETC. (IMPRINT) | |
| Place of publication, distribution, etc | Madurai nagar |
| Name of publisher, distributor, etc | Shanlax Publications |
| Date of publication, distribution, etc | 2019 |
| 270 ## - ADDRESS | |
| Address | 61,66 T.P.K Main Road Vasantha nagar, |
| City | Tamil Nadu |
| 300 ## - PHYSICAL DESCRIPTION | |
| Extent | 230p. |
| Dimensions | 22cm(Hb) |
| 942 ## - ADDED ENTRY ELEMENTS (KOHA) | |
| Institution code [OBSOLETE] | dpl |
| Item type | English Books |
| Source of classification or shelving scheme | Dewey Decimal Classification |
| Classification part | 381.141094 |
| Call number suffix | HAJ |
| Withdrawn status | Lost status | Not for loan | Collection code | Home library | Current library | Date acquired | Source of acquisition | Cost, normal purchase price | Full call number | Barcode | Cost, replacement price | Koha item type |
|---|---|---|---|---|---|---|---|---|---|---|---|---|
| Non-fiction | Ashok Vihar | Ashok Vihar | 06/05/2024 | DBAD | 500.00 | 381.141094 HAJ | EN-123829 | 500.00 | English Books |
